| 000 | 00470nam a2200181 a 4500 | ||
|---|---|---|---|
| 005 | 20220603063541.0 | ||
| 008 | 991125s1993 mx 000 0 spa u | ||
| 020 | _a968164011X | ||
| 035 | _aUPN01000000791 | ||
| 049 | _aI | ||
| 050 | 4 |
_aPZ74.9 _bG6.28 |
|
| 100 | 1 | _aGomi, Taro | |
| 245 | 1 | 0 |
_aAdivina quién soy / _cTaro Gomi ; tr. V. F. C. |
| 260 |
_aMéxico : _bFCE, _c1993. |
||
| 300 |
_a[14] p. : _bil. col. |
||
| 650 | 4 |
_aCuentos infantiles _96744 |
|
| 905 | _aInfantil | ||
| 999 |
_c791 _d791 |
||